| 000 | 00531nam a2200145 a 4500 | ||
|---|---|---|---|
| 008 | 120416s1987 ||||||||||||||||| || u | ||
| 050 | _aQD 941 Bab | ||
| 100 | _aBabu, S. K | ||
| 245 | 1 | 0 | _aPractical manual of crystal optics |
| 260 |
_aNew Delhi _bCBS Publishers _c1987 |
||
| 300 | _ax, 81p. : ill. | ||
| 350 | _a0.00 | ||
| 650 | _aCRYSTAL OPTICS | ||
| 995 |
_D0.00 _FCBU-MAIN LIBRARY (Kitwe) _H1 _I35.00 _M1 _UWEEDED _VAug 31, 2017 _WMar 15, 2007 _ZMain Library Open Access Collection |
||
| 999 |
_c54265 _d54265 |
||